| 000 | 01276nam0a2200373 4500 | ||
|---|---|---|---|
| 001 | RU\NLR\BIBL_A\010449783 | ||
| 005 | 20260408201833.0 | ||
| 010 |
_a978-5-222-22978-1 _92500 |
||
| 021 |
_aRU _b2014-44292 _92688 |
||
| 035 | _a(NLR Aleph) 010449783 | ||
| 035 | _a(NILC)RuMoRGB-007510832 | ||
| 090 |
_a9922701 _c9922701 |
||
| 100 | _a20140808d2014 u y0rusy50 ca | ||
| 101 | 0 | _arus | |
| 102 | _aRU | ||
| 105 | _ay|||z||||00yy | ||
| 200 | 1 |
_aАэрофобия _eрасслабляющие техники _eкак быстро справиться с боязнью летать _fИгорь Родионов |
|
| 210 |
_aРостов-на-Дону _cФеникс _d2014 |
||
| 215 |
_a125 с. _d20 |
||
| 225 | 1 | _aСерия "Психология" | |
| 300 | _aНа обл. авт. не указан | ||
| 320 | _aБиблиогр.: с. 121-123 | ||
| 333 | _a6+ | ||
| 606 |
_aСтрах (психол.) воздушных перелетов _92499768 _3RU\NLR\AUTH\661482689 |
||
| 610 | 0 | _aаэрофобия | |
| 686 | 1 | _aЮ935.212 | |
| 686 | 1 | _aР64-322.1-5я9 | |
| 700 | 1 |
_aРодионов _bИ. _gИгорь |
|
| 801 | 0 |
_aRU _bРГБ _c20140624 _gRCR |
|
| 942 | _cBOOK | ||
| 980 | _aNBR | ||
| 980 | _aNB | ||